000 00245nam a22001097a 4500
008 140103t xxu||||| |||| 00| 0 eng d
020 _a969-35-0867-x
100 _aBano Qudsiya
_9498
245 _aTawaja key talib
300 _a000
942 _2ddc
_cBK
999 _c16770
_d16770